| 000 -LEADER |
| fixed length control field |
00592nam a22001817a 4500 |
| 008 - FIXED-LENGTH DATA ELEMENTS--GENERAL INFORMATION |
| fixed length control field |
131007b xxu||||| |||| 00| 0 ger d |
| 020 ## - INTERNATIONAL STANDARD BOOK NUMBER |
| International Standard Book Number |
3540176187 |
| 020 ## - INTERNATIONAL STANDARD BOOK NUMBER |
| International Standard Book Number |
0387176187 |
| 080 ## - UNIVERSAL DECIMAL CLASSIFICATION NUMBER |
| Universal Decimal Classification number |
004.2 |
| 100 1# - Rafti |
| Rafti |
Lagemann, Klaus |
| 245 10 - TITLE STATEMENT |
| Title |
Rechnerstrukturen : |
| Statement of responsibility, etc |
Klaus Lagemann |
| 246 ## - VARYING FORM OF TITLE |
| Remainder of title |
Eine einfuhrung fur elektrotechniker und Informatiker |
| 260 ## - |
| -- |
Berlin...etj. : |
| -- |
Springer Verlag ; |
| -- |
1987 |
| 300 ## - |
| -- |
295 f. : |
| -- |
me il. ; |
| -- |
24 cm |
| 500 ## - |
| -- |
Parathënie f. [VI]- VII |
| 650 #0 - |
| -- |
Kompjuterët-Programimi-Softueri |
| 942 ## - ADDED ENTRY ELEMENTS (KOHA) |
| Source of classification or shelving scheme |
|
| Item type |
Books |